000 00462nmm a2200157Ia 4500
008 251105s9999||||xx |||||||||||||||||und||
020 _a9789587713855
041 _aspa
100 _aNiño, Víctor
245 0 _aMedios audiovisuales y las tic en la enseñanza (2a. ed.)
264 _a[Bogotá, Colombia] :
_bEcoe Ediciones,
_c2016
300 _a216 páginas
650 _aEducation
856 _uhttps://public.digitaliapublishing.com/a/70641
942 _cCF
999 _c96222
_d96222